| 000 | 00656nam a2200205Ia 4500 | ||
|---|---|---|---|
| 003 | GCL | ||
| 008 | 140319s9999 xx 000 0 ara d | ||
| 040 |
_aGCL / _cGCL |
||
| 082 | 0 | 4 |
_a810.92 _bا د |
| 100 | 1 | _aاحمد حسين الطماوى | |
| 245 | 1 | 0 |
_aالديوان المجهول لخليل مطران / _cاحمد حسين الطماوى |
| 300 | _a260 ص | ||
| 490 |
_aالمجهول من تراث الاعلام _v0 |
||
| 650 | 0 | 4 | _aالشعر العربى |
| 650 | 0 | 4 | _aالتراجم الادبية |
| 650 | 0 | 4 | _aالادباء |
| 650 | 0 | 4 | _aخليل مطران |
| 650 | 0 | 4 | _aالشعراء العرب - المهجر |
| 942 |
_2ddc _cBK |
||
| 999 |
_c39088 _d39088 |
||